00522nam a22001811 450000500170000000800410001701000170005802000260007503500170010103700160011804000180013408200060015210000190015824500410017726000350021827000590025330000280031220050808122104.0721219s1962 nyu 000 0 eng  aB-359284-294 a9780007266739c395.00 aB-359284-294 bAakar Books adplbEnglish  aN aTaylor, Andrew aThe American boy /cby Andrew Taylor aLondonbHarper Perennialc2008 a77-85, Fulham Palace RoadbHammersmith, LondoneW6 8JB a485, 13p.c18 cm (pbk)